რკინაბეტონის კონსტრუქციების მოკლე კურსი: (ლექციების კონსპექტი) 1 ნაწ. (ბიბ.ჩანაწერი № 39194)
[ მარტივი ფორმატი ]
| 000 -LEADER | |
|---|---|
| fixed length control field | 00809nam a2200205Ia 4500 |
| 001 - CONTROL NUMBER | |
| control field | 5779 |
| 003 - CONTROL NUMBER IDENTIFIER | |
| control field | GE_BSU |
| 008 - FIXED-LENGTH DATA ELEMENTS--GENERAL INFORMATION | |
| fixed length control field | 181216s||||||||xx |||||||||||||| ||und|| |
| 040 ## - CATALOGING SOURCE | |
| Transcribing agency | GE_BSU |
| 100 ## - MAIN ENTRY--PERSONAL NAME | |
| Personal name | ნინუა, ნ. |
| 245 ## - TITLE STATEMENT | |
| Title | რკინაბეტონის კონსტრუქციების მოკლე კურსი: (ლექციების კონსპექტი) 1 ნაწ. |
| 245 ## - TITLE STATEMENT | |
| Statement of responsibility, etc. | რედ. მირიმანოვა, დ. |
| 260 ## - PUBLICATION, DISTRIBUTION, ETC. | |
| Place of publication, distribution, etc. | თბილისი |
| 260 ## - PUBLICATION, DISTRIBUTION, ETC. | |
| Name of publisher, distributor, etc. | სპი |
| 260 ## - PUBLICATION, DISTRIBUTION, ETC. | |
| Date of publication, distribution, etc. | 1968 |
| 300 ## - PHYSICAL DESCRIPTION | |
| Extent | 93 გვ. ნახაზ. 20სმ. |
| 300 ## - PHYSICAL DESCRIPTION | |
| Accompanying material | ბიბლიოგრ.: 91 გვ. |
| 653 ## - INDEX TERM--UNCONTROLLED | |
| Uncontrolled term | რკინაბეტონის კონსტრუქციების მოკლე კურსი |
| 942 ## - ADDED ENTRY ELEMENTS (KOHA) | |
| Koha item type | კომპიუტერის ფაილები |
არაა ხელმისაწვდომი ეგზემპლარები.
